000 00578nam a22002177a 4500
003 OSt
005 20140310181937.0
008 121123t xxu||||| |||| 00| 0 eng d
020 _a094526027X
050 _aPR 3403
_b.D314 1989
082 _aCLA
_bD36r 1989
100 _aDefoe, Daniel
245 _aRobinson Crusoe /
_cDaniel Defoe ; illustrated by: Robert Foster.
260 _aNew York
_bChoice Publishing, Inc
_c1989
300 _a155 p. ;
_c24 cm.
541 _j1
562 _e1
650 _aFiction
_9746
700 _aDefoe, Daniel
942 _2lcc
_cBBK
_kCLA
999 _c7556
_d7556